Catálogo

Linked data for the perplexed librarian / (Registro nro. 69436)

Detalles MARC
000 -LEADER
fixed length control field 01222nam a2200349 i 4500
001 - CONTROL NUMBER
control field 69436
003 - CONTROL NUMBER IDENTIFIER
control field Mx-PuUPA
005 - DATE AND TIME OF LATEST TRANSACTION
control field 20220519091634.0
008 - FIXED-LENGTH DATA ELEMENTS--GENERAL INFORMATION
fixed length control field 220516s2020 iluad||gr|||| 00| 0 eng d
020 ## - INTERNATIONAL STANDARD BOOK NUMBER
International Standard Book Number 9780838947463
040 ## - CATALOGING SOURCE
Original cataloging agency Mx-PuUPA
Language of cataloging spa
Transcribing agency Mx-PuUPA
Modifying agency Mx-PuUPA
Description conventions rda
041 0# - LANGUAGE CODE
Language code of text/sound track or separate title eng
100 1# - MAIN ENTRY--PERSONAL NAME
9 (RLIN) 12605
Personal name Carlson, Scott,
Dates associated with a name 1983-
Relator term autor
245 1# - TITLE STATEMENT
Title Linked data for the perplexed librarian /
Statement of responsibility, etc. Scott Carlson, Cory Lampert, Darnelle Melvin and Anne Washington
264 ## - PRODUCTION, PUBLICATION, DISTRIBUTION, MANUFACTURE, AND COPYRIGHT NOTICE
Place of production, publication, distribution, manufacture Chicago :
Name of producer, publisher, distributor, manufacturer American Library Association,
Date of production, publication, distribution, manufacture, or copyright notice 2020
300 ## - PHYSICAL DESCRIPTION
Extent xi, 164 páginas :
Other physical details ilustraciones, gráficas ;
Dimensions 23 cm
336 ## - CONTENT TYPE
Fuente rdacontent
Content type term texto
Content type code txt
337 ## - MEDIA TYPE
Source rdamedia
Media type term sin medio
Media type code n
338 ## - CARRIER TYPE
Source rdacarrier
Carrier type term volumen
Carrier type code nc
490 0# - SERIES STATEMENT
Series statement An Alcts monograph
650 #7 - SUBJECT ADDED ENTRY--TOPICAL TERM
Source of heading or term armarc
Topical term or geographic name entry element Datos enlazados
650 #7 - SUBJECT ADDED ENTRY--TOPICAL TERM
Source of heading or term armarc
Topical term or geographic name entry element Web semántica
650 #7 - SUBJECT ADDED ENTRY--TOPICAL TERM
Source of heading or term armarc
Topical term or geographic name entry element Metadatos
650 #7 - SUBJECT ADDED ENTRY--TOPICAL TERM
Source of heading or term armarc
Topical term or geographic name entry element Bibliotecas
700 1# - ADDED ENTRY--PERSONAL NAME
Personal name Lampert, Cory,
Relator term autor
700 1# - ADDED ENTRY--PERSONAL NAME
Personal name Melvin, Darnelle,
Relator term autor
700 1# - ADDED ENTRY--PERSONAL NAME
Personal name Washington, Anne,
Relator term autor
942 ## - ADDED ENTRY ELEMENTS (KOHA)
Source of classification or shelving scheme Dewey Decimal Classification
Koha item type Libro
Classification part 025.0427
Item part C257
Existencias
Withdrawn status Lost status Source of classification or shelving scheme Damaged status Not for loan Collection code Home library Current library Shelving location Date acquired Source of acquisition Cost, normal purchase price Total Checkouts Full call number Barcode Date last seen Cost, replacement price Price effective from Koha item type
    Dewey Decimal Classification     General Biblioteca Karol Wojtyla Biblioteca Karol Wojtyla Sala general 29/04/2024 2 1717.70   025.0427 C257 2020 102084 05/01/2026 1717.70 29/04/2024 Reserva permanente